[Event "20th European Teams Women"]
[Site "Reykjavik ISL"]
[Date "2015.11.20"]
[Round "7.7"]
[Board "1"]
[White "Danielian, Elina"]
[Black "Mamedjarova, Zeinab"]
[Result "0-1"]
[WhiteTitle "GM"]
[BlackTitle "WGM"]
[WhiteElo "2474"]
[BlackElo "2235"]
[WhiteTeam "Armenia"]
[BlackTeam "Azerbaijan"]
[WhiteFideId "13300210"]
[BlackFideId "13401521"]
[EventDate "2015.11.13"]

1. d4 f5 2. Nc3 d5 3. Bf4 e6 4. e3 Nf6 5. Nf3 Be7 6. a3 c6 7. Bd3 O-O 8. Ne5
Nbd7 9. Ne2 Nxe5 10. Bxe5 Bd6 11. Bf4 Qe7 12. O-O e5 13. dxe5 Bxe5 14. Qc1 Bd7
15. c4 Kh8 16. Rd1 Rad8 17. Qc2 dxc4 18. Bxc4 Ne4 19. Bxe5 Qxe5 20. Nf4 Bc8 21.
Ba2 Qc5 22. Qe2 g6 23. Rd3 Rxd3 24. Qxd3 Qe5 25. Qb3 Rd8 26. Rc1 Qe7 27. h3 Kg7
28. Qc4 a5 29. Re1 Qf6 30. Qb3 Kh6 31. Bb1 Rd2 32. Bxe4 fxe4 33. Re2 Rd8 34. Re1
Rd2 35. Qg8 g5 36. Ne2 Be6 37. Qb8 Bc4 38. h4 Rxe2 39. hxg5+ Kxg5 40. Qg3+ Kh6
41. Qh3+ Kg6 42. Qg3+ Kf7 43. Qc7+ Ke6 44. Rxe2 Bxe2 45. Qxb7 Bb5 46. Qc8+ Kd6
47. Qb8+ Kc5 48. b3 Qe7 49. Qa8 Kb6 50. Qb8+ Qb7 51. Qd8+ Ka6 52. b4 axb4 53.
axb4 Qf7 54. Qa8+ Kb6 55. Qb8+ Qb7 56. Qd8+ Qc7 57. Qd4+ Ka6 58. Qxe4 Qd7 59. f3
Qd1+ 60. Kh2 Qd6+ 61. Kh1 Bd3 62. Qh4 Kb5 63. e4 h6 64. Qe1 Bc4 65. e5 Qxb4 66.
Qe3 Qb1+ 67. Kh2 Qf5 68. g4 Qd3 69. Qf4 Qe2+ 70. Kh1 Qf1+ 71. Kh2 Qf2+ 72. Kh1
Be2 0-1

[Event "20th European Teams Women"]
[Site "Reykjavik ISL"]
[Date "2015.11.20"]
[Round "7.7"]
[Board "2"]
[White "Mammadova, Gulnar"]
[Black "Mkrtchian, Lilit"]
[Result "0-1"]
[WhiteTitle "WGM"]
[BlackTitle "IM"]
[WhiteElo "2303"]
[BlackElo "2439"]
[WhiteTeam "Azerbaijan"]
[BlackTeam "Armenia"]
[WhiteFideId "13403508"]
[BlackFideId "13300601"]
[EventDate "2015.11.13"]

1. e4 c5 2. Nf3 e6 3. d4 cxd4 4. Nxd4 a6 5. Nc3 Qc7 6. g3 Nf6 7. Bg2 d6 8. O-O
Be7 9. Re1 O-O 10. Be3 Nc6 11. Nxc6 bxc6 12. Na4 Bb7 13. c4 c5 14. Nc3 Nd7 15.
b3 Ne5 16. f4 Nc6 17. Qd2 Bf6 18. Rad1 Bd4 19. Ne2 e5 20. Nc3 Bxc3 21. Qxc3 Nd4
22. f5 f6 23. g4 a5 24. Rd2 Bc6 25. g5 Qb7 26. gxf6 gxf6 27. Bh6 Rf7 28. Rb2 Kh8
29. Re3 Rd7 30. h3 Rg8 31. Rg3 Rdd8 32. Qxa5 Ra8 33. Qe1 Rxg3 34. Qxg3 Rg8 35.
Qf2 Bxe4 36. Qf1 Nf3+ 37. Kf2 Nh2 38. Bxe4 Qxe4 39. Qe2 Rg2+ 40. Ke1 Nf3+ 0-1

[Event "20th European Teams Women"]
[Site "Reykjavik ISL"]
[Date "2015.11.20"]
[Round "7.7"]
[Board "3"]
[White "Galojan, Lilit"]
[Black "Kazimova, Narmin"]
[Result "1/2-1/2"]
[WhiteTitle "IM"]
[BlackTitle "WGM"]
[WhiteElo "2298"]
[BlackElo "2323"]
[WhiteTeam "Armenia"]
[BlackTeam "Azerbaijan"]
[WhiteFideId "13301314"]
[BlackFideId "13402951"]
[EventDate "2015.11.13"]

1. d4 e6 2. c4 b6 3. Nc3 Bb7 4. Nf3 Nf6 5. e3 Bb4 6. Bd3 Ne4 7. Qc2 f5 8. O-O
Bxc3 9. bxc3 O-O 10. a4 Rf6 11. Nd2 Ng5 12. f3 Rg6 13. d5 Na6 14. f4 Nf7 15. e4
Nh6 16. Ba3 Rf6 17. Rae1 Nc5 18. Bxc5 bxc5 19. Rb1 Ba6 20. e5 Rf8 21. dxe6 dxe6
22. Nb3 Bc8 23. Be2 Qe7 24. Bf3 Rb8 25. Qf2 Ba6 26. Na5 Rxb1 27. Rxb1 Ng4 28.
Qe2 Qh4 29. h3 Nh6 30. Qe3 Nf7 31. Kh2 g5 32. g3 gxf4 33. Qxf4 Qxf4 34. gxf4 Rd8
35. Rd1 Kf8 36. Rxd8+ Nxd8 37. Kg3 Bc8 38. Nc6 Nxc6 39. Bxc6 Ba6 40. Kh4 Bxc4
41. Kg5 Kg7 42. a5 Bf1 43. Bd7 h6+ 44. Kh4 Bc4 45. Bc8 Bd5 46. Ba6 Kf7 47. Be2
Kg7 48. Bd1 Bg2 49. Bb3 Kf7 50. Kh5 Bxh3 51. Kxh6 Bf1 52. Bd1 Bc4 53. Bh5+ Ke7
54. Kg7 Bd5 55. Be2 Bb3 56. Bb5 Ba2 57. Kg6 Bd5 58. Ba4 Bc4 59. Bc6 Bb3 60. Kg5
Bc4 61. Kh4 Bd5 62. Bb5 c6 63. Be2 Kd7 64. Kg5 Ke7 65. Kg6 Bb3 66. Kg7 Bd5 67.
Bd1 Bc4 68. Ba4 Bd5 69. Kg6 Bf3 70. Bc2 Be4 71. Bd1 Bd5 72. Be2 Be4 73. Kg5 Bd5
74. Kh4 Kd7 75. Kg5 Ke7 1/2-1/2

[Event "20th European Teams Women"]
[Site "Reykjavik ISL"]
[Date "2015.11.20"]
[Round "7.7"]
[Board "4"]
[White "Fataliyeva, Ulviyya"]
[Black "Kursova, Maria"]
[Result "1/2-1/2"]
[WhiteTitle "WIM"]
[BlackTitle "WGM"]
[WhiteElo "2294"]
[BlackElo "2307"]
[WhiteTeam "Azerbaijan"]
[BlackTeam "Armenia"]
[WhiteFideId "13403052"]
[BlackFideId "4129709"]
[EventDate "2015.11.13"]

1. e4 c5 2. Nf3 e6 3. d4 cxd4 4. Nxd4 Nc6 5. Nc3 d6 6. Be2 Nf6 7. O-O Be7 8. Be3
O-O 9. f4 e5 10. Nf5 Bxf5 11. exf5 exf4 12. Bxf4 d5 13. Bf3 d4 14. Ne2 Qb6 15.
Kh1 Rad8 16. Rb1 Rd7 17. a3 Bd8 18. b4 Bc7 19. Bxc6 bxc6 20. Rb3 Re8 21. Rd3
Bxf4 22. Nxf4 c5 23. c3 Red8 24. Nh5 Nxh5 25. Qxh5 Qb5 26. Qf3 dxc3 27. Rxd7
Qxd7 28. bxc5 c2 29. c6 Qd6 30. f6 Qxf6 31. c7 Rc8 32. Qd3 Rxc7 33. Rxf6 c1=Q+
34. Rf1 Qg5 35. Qd6 Qe7 36. Qxe7 Rxe7 37. Kg1 g5 38. Rf5 h6 39. Kf2 Kg7 40. Ra5
Kg6 41. g4 f6 42. Ra6 Kf7 43. Kf3 Kf8 1/2-1/2

[Event "20th European Teams Women"]
[Site "Reykjavik ISL"]
[Date "2015.11.20"]
[Round "7.8"]
[Board "1"]
[White "Houska, Jovanka"]
[Black "Sedina, Elena"]
[Result "1-0"]
[WhiteTitle "IM"]
[BlackTitle "IM"]
[WhiteElo "2391"]
[BlackElo "2305"]
[WhiteTeam "England"]
[BlackTeam "Italy"]
[WhiteFideId "405094"]
[BlackFideId "812153"]
[EventDate "2015.11.13"]

1. d4 d5 2. Nf3 Nf6 3. c4 c6 4. e3 Bf5 5. Nc3 e6 6. Nh4 Bg6 7. Qb3 Qc7 8. Nxg6
hxg6 9. g3 Nbd7 10. Bg2 Be7 11. cxd5 cxd5 12. O-O O-O 13. Bd2 Nb6 14. Rfc1 Qd7
15. Bf1 Rfc8 16. Be1 Bd8 17. Bb5 Qd6 18. f3 a6 19. Bf1 Nc4 20. Nd1 b5 21. a4 Ba5
22. Bxa5 Nxa5 23. Qd3 Rxc1 24. Rxc1 bxa4 25. Ra1 Nc4 26. Rxa4 Qb6 27. Qc3 Nd6
28. Qa3 Nb5 29. Qb3 Rb8 30. Rb4 Ne8 31. Nc3 Ned6 32. Qa4 Nc4 33. Bxc4 dxc4 34.
Kg2 e5 35. Rxc4 exd4 36. exd4 Nxd4 37. b4 Nb5 38. Nd5 Qe6 39. Qa2 Rd8 40. Nf4 1-0

[Event "20th European Teams Women"]
[Site "Reykjavik ISL"]
[Date "2015.11.20"]
[Round "7.8"]
[Board "2"]
[White "Brunello, Marina"]
[Black "Ciuksyte, Dagne"]
[Result "1/2-1/2"]
[WhiteTitle "FM"]
[BlackTitle "IM"]
[WhiteElo "2292"]
[BlackElo "2356"]
[WhiteTeam "Italy"]
[BlackTeam "England"]
[WhiteFideId "822590"]
[BlackFideId "12800619"]
[EventDate "2015.11.13"]

1. e4 c5 2. Nf3 e6 3. c3 d5 4. exd5 Qxd5 5. d4 Nf6 6. Be2 Nc6 7. O-O Be7 8. Be3
cxd4 9. cxd4 O-O 10. Nc3 Qd6 11. Rc1 b6 12. Qa4 Bb7 13. Rfd1 Rac8 14. Ne5 Qb8
15. Bf4 Qa8 16. Nf3 Rfd8 17. a3 Na5 18. b4 Nc4 19. Qb3 Nd6 20. Be5 Nd5 21. Nb5
Nxb5 22. Bxb5 Rxc1 23. Rxc1 Rc8 24. Qb2 a6 25. Bd3 Rxc1+ 26. Qxc1 a5 27. b5 Qc8
28. Qxc8+ Bxc8 29. a4 f6 30. Bb8 Nc3 31. Bc2 Bb7 32. Kf1 Bxf3 33. gxf3 Kf7 34.
Bb3 Bd8 35. Bd6 Nd5 36. Kg2 Bc7 37. Bxd5 Bxd6 38. Bb3 Ke7 39. Bc2 Bb4 40. Kf1
Bc3 41. Bxh7 Bxd4 42. Bc2 Kd6 43. f4 f5 44. Ke2 Kc5 45. Kf3 Kc4 46. h3 Kc3 47.
Bd1 Bc5 48. Ke2 Be7 49. Ke3 Bh4 50. Ke2 Bf6 1/2-1/2

[Event "20th European Teams Women"]
[Site "Reykjavik ISL"]
[Date "2015.11.20"]
[Round "7.8"]
[Board "3"]
[White "Chevannes, Sabrina L"]
[Black "Movileanu, Daniela"]
[Result "0-1"]
[WhiteTitle "WIM"]
[BlackTitle "WFM"]
[WhiteElo "2106"]
[BlackElo "2192"]
[WhiteTeam "England"]
[BlackTeam "Italy"]
[WhiteFideId "411280"]
[BlackFideId "873349"]
[EventDate "2015.11.13"]

1. d4 Nf6 2. Nf3 d5 3. c4 e6 4. e3 c6 5. Nc3 Be7 6. Qc2 Nbd7 7. b3 O-O 8. Bd3
Bd6 9. O-O Re8 10. e4 dxe4 11. Nxe4 Nxe4 12. Bxe4 h6 13. Bb2 Nf6 14. Bd3 b6 15.
Rfe1 Bb7 16. Rad1 Qc7 17. c5 Be7 18. Ne5 Rf8 19. Re3 Nd5 20. Rf3 Bf6 21. Ng4 Bg5
22. Ba3 b5 23. Ne5 a5 24. Qe2 Nc3 25. Qc2 Nxd1 26. Qxd1 f5 27. h4 Bf6 28. Qe2
Rad8 29. Bb2 Rfe8 30. g4 Bc8 31. g5 hxg5 32. hxg5 Bxe5 33. dxe5 Qf7 34. Rh3 Qg6
35. f4 Kf7 36. Qh2 Ke7 37. Bc3 b4 38. Be1 Rg8 39. Be2 Qe8 40. g6 Qxg6+ 41. Kf1
Rd4 42. Bh4+ Kd7 43. Bf2 Re4 44. Bd3 Qg4 45. Bxe4 Ba6+ 46. Bd3 Qd1+ 47. Kg2 Bxd3
48. Rxd3+ Qxd3 49. Qh7 Re8 50. Qxg7+ Re7 51. Qg5 Qe2 52. Qg6 Qg4+ 53. Qxg4 fxg4
54. Bh4 Rg7 55. Bf6 Rg8 56. Kg3 a4 57. Bg5 Ra8 58. Kxg4 axb3 59. axb3 Ra3 60. f5
Rxb3 61. f6 Ke8 62. Kh5 Kf7 0-1

[Event "20th European Teams Women"]
[Site "Reykjavik ISL"]
[Date "2015.11.20"]
[Round "7.8"]
[Board "4"]
[White "Santeramo, Alessia"]
[Black "Sarakauskiene, Zivile"]
[Result "1-0"]
[WhiteTitle "WFM"]
[BlackTitle "WIM"]
[WhiteElo "2041"]
[BlackElo "2145"]
[WhiteTeam "Italy"]
[BlackTeam "England"]
[WhiteFideId "850810"]
[BlackFideId "12800864"]
[EventDate "2015.11.13"]

1. e4 c5 2. Nf3 e6 3. g3 a6 4. Bg2 d6 5. O-O Nf6 6. Qe2 Nc6 7. c3 Be7 8. d4 O-O
9. dxc5 dxc5 10. e5 Nd7 11. Bf4 g5 12. Bc1 g4 13. Ne1 Ncxe5 14. Bh6 Re8 15. f4
gxf3 16. Nxf3 Nxf3+ 17. Qxf3 Ne5 18. Qh5 Ng6 19. Nd2 Qc7 20. Ne4 f5 21. Ng5 Bf8
22. Rae1 Bxh6 23. Qxh6 Qg7 24. Qh5 h6 25. Rxf5 Re7 26. Rxc5 e5 27. Bd5+ Kh8 28.
Rf1 Bd7 29. Nf7+ Kh7 30. Ng5+ Kh8 31. Rf7 Rxf7 32. Nxf7+ Kh7 33. Rc7 Nf4 34.
Be4+ Kg8 35. Nxh6+ Kf8 36. Qf7+ Qxf7 37. Nxf7 Nh3+ 38. Kg2 Be6 1-0

[Event "20th European Teams Women"]
[Site "Reykjavik ISL"]
[Date "2015.11.20"]
[Round "7.9"]
[Board "1"]
[White "Blagojevic, Tijana"]
[Black "Ptacnikova, Lenka"]
[Result "0-1"]
[WhiteTitle "WIM"]
[BlackTitle "WGM"]
[WhiteElo "2312"]
[BlackElo "2189"]
[WhiteTeam "Montenegro"]
[BlackTeam "Iceland"]
[WhiteFideId "16500270"]
[BlackFideId "305650"]
[EventDate "2015.11.13"]

1. e4 g6 2. d4 Bg7 3. Nf3 d6 4. Be2 Nf6 5. Nc3 O-O 6. O-O a6 7. Re1 b5 8. e5
dxe5 9. Nxe5 Bb7 10. Bf3 Qc8 11. Nd3 e6 12. a4 b4 13. Nxb4 Rd8 14. Nd3 Rxd4 15.
Be3 Rd8 16. Ra3 Nc6 17. Bg5 h6 18. Bxf6 Bxf6 19. Ne4 Be7 20. Qc1 Nd4 21. Rc3
Nxf3+ 22. gxf3 g5 23. Ne5 Rd5 24. f4 Rd4 25. fxg5 Rxe4 26. Rxe4 Bxe4 27. Qf4 Bf5
28. gxh6 Kh7 29. Rg3 Bf6 30. Nxf7 Qd7 31. Ng5+ Kh8 32. h4 Rf8 33. Kh2 Bxb2 34.
c3 Qd6 35. Qf3 Bc1 36. Qh5 Qe7 37. Rf3 Ba3 38. h7 Bd6+ 39. Kg1 Qg7 40. Kf1 Be7
41. Rg3 Bxg5 42. Rxg5 Qxc3 43. Qh6 Bh3+ 44. Kg1 Qc1+ 45. Kh2 Rxf2+ 46. Kxh3 Qe3+
47. Kg4 Qf3# 0-1

[Event "20th European Teams Women"]
[Site "Reykjavik ISL"]
[Date "2015.11.20"]
[Round "7.9"]
[Board "2"]
[White "Kristinardottir, Elsa Maria"]
[Black "Milovic, Aleksandra"]
[Result "0-1"]
[BlackTitle "WIM"]
[WhiteElo "1887"]
[BlackElo "2202"]
[WhiteTeam "Iceland"]
[BlackTeam "Montenegro"]
[WhiteFideId "2300370"]
[BlackFideId "933988"]
[EventDate "2015.11.13"]

1. e4 d5 2. exd5 Qxd5 3. Nc3 Qd8 4. Bc4 Nf6 5. Nf3 a6 6. d3 Bf5 7. Bg5 Nbd7 8.
Qd2 h6 9. Bh4 e6 10. O-O-O b5 11. Bb3 Nc5 12. Rhe1 Nxb3+ 13. axb3 c5 14. Qf4 Be7
15. Bxf6 gxf6 16. d4 Qd6 17. Qe3 c4 18. Ne4 Bxe4 19. Qxe4 Rc8 20. Re3 f5 21. Qe5
Qxe5 22. dxe5 Rg8 23. g3 Rg4 24. bxc4 Rgxc4 25. Re2 a5 26. Rd4 a4 27. Rxc4 Rxc4
28. Nd2 Rd4 29. c3 Rd5 30. f4 Kd7 31. Kc2 Kc6 32. Nf3 b4 33. cxb4 Bxb4 34. Rg2
Rc5+ 35. Kd3 Kd5 36. Nd2 Rc1 37. Re2 Bc5 38. Rg2 Bb4 39. Rf2 Bc5 40. Rg2 Re1 41.
Nc4 Re4 42. Nd2 Re3+ 43. Kc2 Kd4 44. Nf1 Re1 45. Nd2 Ke3 46. Nc4+ Kf3 47. Rd2
Bb4 48. Rd7 Re2+ 49. Kd3 Rxh2 50. Rxf7 Kxg3 51. Ke3 Bc5+ 52. Kd3 Kxf4 53. Rf6
Rh3+ 54. Kd2 Ke4 55. Rxe6 Kd5 0-1

[Event "20th European Teams Women"]
[Site "Reykjavik ISL"]
[Date "2015.11.20"]
[Round "7.9"]
[Board "3"]
[White "Stojanovic, Marija R"]
[Black "Thorsteinsdottir, Gudlaug"]
[Result "1/2-1/2"]
[WhiteTitle "WIM"]
[BlackTitle "WFM"]
[WhiteElo "2153"]
[BlackElo "2005"]
[WhiteTeam "Montenegro"]
[BlackTeam "Iceland"]
[WhiteFideId "931411"]
[BlackFideId "2300753"]
[EventDate "2015.11.13"]

1. e4 e5 2. Nf3 Nc6 3. d4 exd4 4. Nxd4 Bb4+ 5. c3 Bc5 6. Be3 Bb6 7. Nf5 Bxe3 8.
Nxe3 Nf6 9. Bd3 d6 10. Nd2 Ne5 11. Be2 Ng6 12. Qc2 Bd7 13. O-O-O O-O 14. g3 Re8
15. f4 Bc6 16. Bf3 Qc8 17. h4 h5 18. Rde1 a5 19. Nf5 b5 20. Nd4 Bb7 21. Nxb5 a4
22. Nd4 Qd7 23. Qd1 c5 24. Nc2 Bc6 25. Na3 Qb7 26. Nac4 Reb8 27. Qc2 Qc7 28. e5
dxe5 29. Bxc6 Qxc6 30. fxe5 Ng4 31. Rhf1 Nf8 32. Qf5 Qg6 33. Nd6 Ra7 34. N2c4
Qxf5 35. Rxf5 g6 36. Rff1 Kg7 37. Ne4 Ne6 38. Nf6 Nh6 39. Nd6 Ra6 40. Re4 Ra5
41. Rd1 Ra7 42. Rd5 Kh8 43. Rc4 Kg7 44. Kc2 1/2-1/2

[Event "20th European Teams Women"]
[Site "Reykjavik ISL"]
[Date "2015.11.20"]
[Round "7.9"]
[Board "4"]
[White "Hauksdottir, Hrund"]
[Black "Krpovic, Natasa"]
[Result "0-1"]
[BlackTitle "WFM"]
[WhiteElo "1775"]
[BlackElo "2098"]
[WhiteTeam "Iceland"]
[BlackTeam "Montenegro"]
[WhiteFideId "2302608"]
[BlackFideId "910791"]
[EventDate "2015.11.13"]

1. e4 d6 2. d4 Nf6 3. Nc3 c6 4. f4 Qc7 5. Nf3 Bg4 6. Be3 e6 7. Bd3 d5 8. e5 Nfd7
9. h3 Bxf3 10. Qxf3 Nb6 11. O-O g6 12. a4 Na6 13. a5 Nd7 14. Bxa6 bxa6 15. f5
gxf5 16. g4 O-O-O 17. gxf5 Rg8+ 18. Kf2 Nxe5 19. dxe5 d4 20. Rad1 dxe3+ 21. Qxe3
Rxd1 22. Rxd1 Qxa5 23. Ne4 Qxe5 24. Qxa7 Qf4+ 25. Ke1 Qxe4+ 26. Kf1 Qg2+ 27. Ke1
Qg1+ 0-1

[Event "20th European Teams Women"]
[Site "Reykjavik ISL"]
[Date "2015.11.20"]
[Round "7.10"]
[Board "1"]
[White "Peng, Zhaoqin"]
[Black "Mueller-Seps, Monika"]
[Result "1-0"]
[WhiteTitle "GM"]
[BlackTitle "WGM"]
[WhiteElo "2383"]
[BlackElo "2272"]
[WhiteTeam "Netherlands"]
[BlackTeam "Switzerland"]
[WhiteFideId "1004786"]
[BlackFideId "1308521"]
[EventDate "2015.11.13"]

1. d4 Nf6 2. c4 g6 3. Nc3 Bg7 4. e4 d6 5. Bd3 O-O 6. Nge2 Nc6 7. O-O Nh5 8. Bc2
e5 9. d5 Nb4 10. Be3 Nxc2 11. Qxc2 f5 12. exf5 gxf5 13. f4 Bd7 14. Rae1 exf4 15.
Nxf4 Nxf4 16. Bxf4 Qf6 17. Rd1 b6 18. Rd3 Rae8 19. Qd2 Kh8 20. b3 Rg8 21. Be3
Qg6 22. Ne2 Re4 23. Nf4 Qe8 24. Bd4 Be5 25. a4 Rg4 26. h3 Rg7 27. Bc3 Kg8 28.
Bxe5 Qxe5 29. Qf2 a6 30. Qh4 Qe7 31. Qxe7 Rgxe7 32. Nh5 Kf7 33. Rg3 Re3 34. Rff3
Rxf3 35. gxf3 Kf8 36. Kf2 Be8 37. Nf4 Bd7 38. Rg1 Re5 39. h4 Re7 40. Ra1 Kf7 41.
a5 b5 42. Rg1 c5 43. dxc6 Bxc6 44. Rd1 Rd7 45. Nd3 bxc4 46. bxc4 Rb7 47. c5 Ba4
48. Rd2 dxc5 49. Nxc5 Rb4 50. Kg3 Bb5 51. Rd6 Be2 52. Rb6 Rc4 53. Ne6 Ra4 54.
Ng5+ Kg7 55. h5 f4+ 56. Kg4 Bd3 57. Ne6+ Kf7 58. Nc5 Rd4 59. Nxd3 Rxd3 60. Rxa6
Rd5 61. h6 Rd4 62. Kf5 Rc4 63. Ra7+ Kg8 64. Rg7+ Kh8 65. Rd7 Rc5+ 66. Ke6 Rc6+
67. Rd6 Rc8 68. Ke7 1-0

[Event "20th European Teams Women"]
[Site "Reykjavik ISL"]
[Date "2015.11.20"]
[Round "7.10"]
[Board "2"]
[White "Heinatz, Gundula"]
[Black "Haast, Anne"]
[Result "0-1"]
[WhiteTitle "WIM"]
[BlackTitle "WGM"]
[WhiteElo "2204"]
[BlackElo "2365"]
[WhiteTeam "Switzerland"]
[BlackTeam "Netherlands"]
[WhiteFideId "4612434"]
[BlackFideId "1017292"]
[EventDate "2015.11.13"]

1. d4 Nf6 2. Nf3 g6 3. g3 Bg7 4. Bg2 O-O 5. O-O d6 6. b3 c5 7. Bb2 cxd4 8. Nxd4
d5 9. c4 dxc4 10. Na3 Qa5 11. Nxc4 Qh5 12. e3 Bg4 13. f3 Bh3 14. g4 Qh4 15. Qe1
Qxe1 16. Raxe1 Bxg2 17. Kxg2 Na6 18. h4 Rac8 19. Re2 Nc5 20. h5 Rfd8 21. Rh1 Nd5
22. Kg3 e5 23. Nb5 a6 24. Nbd6 Rc6 25. Rd1 Nb4 26. Red2 b5 27. Nxe5 Rc7 28. a3
Nxb3 29. axb4 Nxd2 30. Rxd2 f6 31. hxg6 fxe5 32. gxh7+ Kxh7 33. Rh2+ Kg6 34. Nf5
Re8 35. Rd2 Bf8 36. Rd5 Rcc8 37. Bxe5 Rcd8 38. Rxd8 Rxd8 39. Bc7 Rd1 40. Ba5 Rb1
41. f4 Bxb4 42. Bb6 a5 43. Nd4 a4 44. f5+ Kh7 45. g5 Bd6+ 46. Kf3 a3 47. g6+ Kh6
48. Ne6 Be5 49. e4 Rb3+ 50. Kg4 a2 51. Bc5 a1=Q 52. Bf8+ Bg7 53. Bxg7+ Qxg7 54.
Nxg7 Kxg7 55. e5 Re3 56. e6 Kf6 0-1

[Event "20th European Teams Women"]
[Site "Reykjavik ISL"]
[Date "2015.11.20"]
[Round "7.10"]
[Board "3"]
[White "Lanchava, Tea"]
[Black "De Seroux, Camille"]
[Result "1-0"]
[WhiteTitle "IM"]
[BlackTitle "WFM"]
[WhiteElo "2274"]
[BlackElo "2053"]
[WhiteTeam "Netherlands"]
[BlackTeam "Switzerland"]
[WhiteFideId "1005308"]
[BlackFideId "1305620"]
[EventDate "2015.11.13"]

1. d4 Nf6 2. Nf3 g6 3. Nc3 d5 4. Bf4 Bg7 5. Qd2 O-O 6. Bh6 Ne4 7. Nxe4 dxe4 8.
Bxg7 Kxg7 9. Ne5 b5 10. Qc3 f6 11. Nc6 Nxc6 12. Qxc6 Qxd4 13. c3 Qb6 14. Qxe4
Bf5 15. Qf3 Rad8 16. g3 Qd6 17. Qe3 Qd5 18. f3 Rd6 19. Bg2 Re6 20. Qd4 Qb7 21.
e4 Qc8 22. O-O-O Rd6 23. Qxa7 Ra6 24. Qc5 Be6 25. a3 Qb7 26. Rd4 Rc6 27. Qxe7+
Rf7 28. Qb4 Ra6 29. Bf1 c6 30. Qc5 Rd7 31. e5 f5 32. Rd6 Rxd6 33. exd6 Bd5 34.
Bd3 Qf7 35. Re1 Ra7 36. f4 Rd7 37. Re5 Qf8 38. Re7+ Rxe7 39. dxe7 Qe8 40. Bxb5
cxb5 41. Qxd5 Qxe7 42. Qe5+ Qxe5 43. fxe5 Kf7 44. c4 1-0

[Event "20th European Teams Women"]
[Site "Reykjavik ISL"]
[Date "2015.11.20"]
[Round "7.10"]
[Board "4"]
[White "Stoeri, Laura"]
[Black "Kazarian, Anna-Maja"]
[Result "0-1"]
[WhiteTitle "WFM"]
[BlackTitle "WFM"]
[WhiteElo "2115"]
[BlackElo "2255"]
[WhiteTeam "Switzerland"]
[BlackTeam "Netherlands"]
[WhiteFideId "1304313"]
[BlackFideId "1033689"]
[EventDate "2015.11.13"]

1. e4 e6 2. d4 d5 3. Nd2 Nf6 4. e5 Nfd7 5. Bd3 c5 6. c3 Nc6 7. Ne2 cxd4 8. cxd4
f6 9. exf6 Qxf6 10. Nf3 h6 11. O-O Bd6 12. Bb1 O-O 13. Ng3 Rf7 14. Qd3 Nf8 15.
Bd2 Bd7 16. a3 Be8 17. Ba2 Rc7 18. Rae1 g5 19. Bc3 Bg6 20. Qe2 Qf7 21. Bb1 Bxb1
22. Rxb1 Ng6 23. Ne5 Bxe5 24. dxe5 d4 25. Bd2 Rf8 26. Qh5 Qg7 27. Qh3 Re7 28. b4
Nf4 29. Bxf4 gxf4 30. Ne2 f3 31. Ng3 Nxe5 32. gxf3 Rxf3 33. Kh1 Qg4 34. Qxh6 Rh7
35. Qc1 Rc3 36. Ne2 Rxh2+ 0-1

[Event "20th European Teams Women"]
[Site "Reykjavik ISL"]
[Date "2015.11.20"]
[Round "7.11"]
[Board "1"]
[White "Unuk, Laura"]
[Black "Daulyte, Deimante"]
[Result "1/2-1/2"]
[WhiteTitle "WIM"]
[BlackTitle "IM"]
[WhiteElo "2297"]
[BlackElo "2369"]
[WhiteTeam "Slovenia"]
[BlackTeam "Lithuania"]
[WhiteFideId "14609215"]
[BlackFideId "12802859"]
[EventDate "2015.11.13"]

1. d4 Nf6 2. c4 e6 3. Nf3 d5 4. g3 dxc4 5. Bg2 a6 6. Ne5 Bb4+ 7. Nc3 Nd5 8. O-O
Nxc3 9. bxc3 Bxc3 10. Rb1 Qxd4 11. Qa4+ b5 12. Qa3 Qxe5 13. Bf4 Qf6 14. Bxc7 b4
15. Rxb4 Bxb4 16. Qxb4 a5 17. Qb5+ Bd7 18. Qxc4 Ra6 19. Bxb8 Rb6 20. Ba7 Rb4 21.
Qc7 Qd8 22. Qd6 Qe7 23. Qxe7+ Kxe7 24. Bc5+ Kf6 25. Bxb4 axb4 26. Rb1 Rb8 27. f4
Ba4 28. Kf2 b3 29. axb3 Rxb3 30. Rxb3 Bxb3 31. e3 e5 32. Be4 h6 33. g4 exf4 34.
exf4 g5 35. fxg5+ hxg5 36. Kg3 Ke5 37. Bb1 Be6 38. h4 gxh4+ 39. Kxh4 f6 40. g5
fxg5+ 41. Kxg5 1/2-1/2

[Event "20th European Teams Women"]
[Site "Reykjavik ISL"]
[Date "2015.11.20"]
[Round "7.11"]
[Board "2"]
[White "Zaksaite, Salomeja"]
[Black "Krivec, Jana"]
[Result "1/2-1/2"]
[WhiteTitle "WIM"]
[BlackTitle "WGM"]
[WhiteElo "2196"]
[BlackElo "2259"]
[WhiteTeam "Lithuania"]
[BlackTeam "Slovenia"]
[WhiteFideId "12801496"]
[BlackFideId "14601982"]
[EventDate "2015.11.13"]

1. e4 e5 2. Nf3 Nc6 3. Bb5 a6 4. Ba4 d6 5. O-O Bd7 6. c3 g6 7. d4 Bg7 8. dxe5
dxe5 9. Be3 Nge7 10. Nbd2 O-O 11. Qe2 Qe8 12. Bb3 Kh8 13. Bc5 b6 14. Ba3 Nd8 15.
Bc4 Ne6 16. Rfd1 Nf4 17. Qe1 f6 18. h3 g5 19. Nh2 h5 20. Ndf1 c5 21. Ne3 a5 22.
Bf1 Be6 23. b3 Qc6 24. f3 Rfd8 25. c4 Qb7 26. Nd5 Nfg6 27. Bd3 Nc6 28. Nf1 Nd4
29. Ng3 h4 30. Nf5 Bxd5 31. exd5 Nf4 32. Be4 Nxf5 33. Bxf5 Bf8 34. d6 Qf7 35. d7
Ne6 36. Qe4 Nd4 37. Bb2 Nxf5 38. Qxf5 Ra7 39. Bxe5 Bg7 40. Rd6 Raxd7 41. Rxf6
Rd1+ 42. Kh2 Bxf6 43. Bxf6+ Kg8 44. Qxg5+ Kf8 45. Qh6+ Ke8 46. Bxd8 Rxa1 47.
Qh8+ Kd7 48. Qxa1 Qf4+ 49. Kh1 Kxd8 50. Qh8+ Ke7 51. Qh7+ Kf6 52. Qe4 Qg3 53. f4
Qf2 54. a4 Qf1+ 55. Kh2 Qf2 56. Qe5+ Kg6 57. Qg5+ Kf7 58. Qf5+ Kg8 59. Qg4+ Kf7
60. Qg5 Qe1 61. Qf5+ Kg8 62. Qg4+ Kf7 63. Qf3 Kf6 64. Qc6+ Kf5 65. Qf3 Kf6 66.
Qd3 Qf2 67. Qd6+ Kf7 68. Qe5 Qg3+ 69. Kh1 Qxb3 70. Qh5+ Kf8 71. Qxh4 Qxc4 72.
Qf6+ Kg8 73. h4 Qxa4 74. Qg5+ Kf7 75. h5 Qa1+ 76. Kh2 Qf6 77. Qd5+ Kg7 78. g3
Kh6 79. Kh3 1/2-1/2